River Deltas by Satellite Image - Statistics

General Stats
  • This quiz has been taken 44 times
  • The average score is 4 of 12
Answer Stats
Picture Answer % Correct
Nile River
92%
Amazon River
81%
Mississippi River
68%
Rhine River
51%
Mekong River
38%
Danube River
32%
Rio de la Plata
19%
Niger River
16%
Ganges River
11%
Pearl River
11%
Indus River
8%
Volga River
5%
No matching quizzes found
Score Distribution
Percent of People with Each Score
Percentile by Number Answered
Your Score History
You have not taken this quiz